[Event "Lana-Ehrenburg2"]
[Site "?"]
[Date "2017.12.02"]
[Round "3.4"]
[White "Unterthurner, Walter"]
[Black "Zambelli, Walter"]
[Result "1/2-1/2"]
[WhiteElo "1379"]
[BlackElo "1381"]
[PlyCount "68"]
[EventDate "2017.12.02"]

1. e4 c6 2. Nf3 d5 3. exd5 cxd5 4. d4 Bf5 5. Nc3 e6 6. a3 a6 7. Be2 Bd6 8. O-O
h6 9. h3 Nc6 10. Be3 Nf6 11. Rc1 O-O 12. Nh2 Qc7 13. f4 Ne7 14. Ng4 Nxg4 15.
Bxg4 Bxa3 16. Na4 Bd6 17. c3 Rfe8 18. Nc5 Bg6 19. Nd3 Nf5 20. Bxf5 Bxf5 21. Ne5
Rac8 22. Qd2 Qe7 23. Qf2 Qf6 24. Rfe1 Bxe5 25. fxe5 Qg6 26. Kh2 b5 27. Bd2 Rc6
28. Re3 Be4 29. Rg3 Qf5 30. Qxf5 Bxf5 31. Bxh6 Bg6 32. Bg5 Rec8 33. Be7 a5 34.
Bc5 a4 1/2-1/2

[Event "Steinegg-Klausen"]
[Site "?"]
[Date "2017.12.02"]
[Round "3.1"]
[White "Schacher, Gerd"]
[Black "Mukic, Josko"]
[Result "1/2-1/2"]
[WhiteElo "2282"]
[BlackElo "2249"]
[PlyCount "30"]
[EventDate "2017.12.02"]

1. Nf3 g6 2. c4 Bg7 3. g3 d6 4. Nc3 e5 5. d3 f5 6. Rb1 Nf6 7. b4 Nc6 8. Bg2 O-O
9. b5 Ne7 10. Qb3 Kh8 11. O-O h6 12. c5 g5 13. cxd6 cxd6 14. Be3 f4 15. Rfc1
Bg4 1/2-1/2

[Event "Steinegg-Klausen"]
[Site "?"]
[Date "2017.12.02"]
[Round "3.2"]
[White "Seebacher, Michael"]
[Black "Engl, Stefan"]
[Result "1/2-1/2"]
[WhiteElo "1944"]
[BlackElo "1992"]
[PlyCount "54"]
[EventDate "2017.12.02"]

1. e4 Nc6 2. Nf3 e5 3. d4 exd4 4. Bc4 Bc5 5. c3 Nf6 6. e5 d5 7. Bb5 Ne4 8. cxd4
Bb6 9. Nc3 O-O 10. Be3 f5 11. exf6 Nxf6 12. Bxc6 bxc6 13. Ne5 Qe8 14. O-O Ba5
15. Qa4 Bxc3 16. bxc3 c5 17. Qa5 Qe7 18. Rfe1 Ng4 19. Nxg4 Bxg4 20. dxc5 c6 21.
Qa4 Qd7 22. f3 Bf5 23. Qb4 Bg6 24. Bg5 Rae8 25. Be7 Rf7 26. Bd6 Rf6 27. Rxe8+
Qxe8 1/2-1/2

[Event "Steinegg-Klausen"]
[Site "?"]
[Date "2017.12.02"]
[Round "3.3"]
[White "Seebacher, Reinhard"]
[Black "Pichler, Martin"]
[Result "1-0"]
[WhiteElo "1883"]
[BlackElo "1696"]
[PlyCount "55"]
[EventDate "2017.12.02"]

1. c4 g6 2. Nc3 Bg7 3. g3 d6 4. Bg2 Nf6 5. Nf3 O-O 6. O-O Nbd7 7. d3 e5 8. Rb1
Nh5 9. e4 Nc5 10. b4 Ne6 11. Ne2 f5 12. exf5 gxf5 13. Nh4 f4 14. Nc3 fxg3 15.
Qxh5 gxh2+ 16. Kh1 Nf4 17. Bxf4 Rxf4 18. Bd5+ Kf8 19. Ng2 Rf5 20. Qxh7 Qg5 21.
Nh4 Rf6 22. Ne4 Qh6 23. Nxf6 Qxf6 24. f4 Bh3 25. Ng6+ Ke8 26. Qxh3 Qxg6 27.
fxe5 Bxe5 28. Bf7+ 1-0

[Event "Steinegg-Klausen"]
[Site "?"]
[Date "2017.12.02"]
[Round "3.4"]
[White "Engl, Alexander"]
[Black "Schrott, Karl"]
[Result "1/2-1/2"]
[WhiteElo "1812"]
[BlackElo "1988"]
[PlyCount "99"]
[EventDate "2017.12.02"]

1. e4 c5 2. d4 cxd4 3. c3 dxc3 4. Nxc3 Nc6 5. Nf3 g6 6. Bc4 Bg7 7. O-O Nh6 8.
e5 O-O 9. Bf4 Ng4 10. Re1 Qa5 11. Qe2 Qc5 12. Rad1 Na5 13. Bb5 a6 14. Bd3 Kh8
15. h3 Nh6 16. Be3 Qc7 17. Nd5 Qb8 18. Bb6 Nc6 19. Nc7 e6 20. g4 a5 21. Nb5 Ra6
22. Bc7 Qa8 23. Nd6 Ne7 24. Bxa6 bxa6 25. Qe4 Nd5 26. Bxa5 Bb7 27. Nxb7 Qxb7
28. Rd2 Ng8 29. Rc1 Nge7 30. Ne1 Bh6 31. b3 Bxd2 32. Bxd2 Rc8 33. Rxc8+ Qxc8
34. Qc2 Qb8 35. Qe4 Kg7 36. Nd3 Qc7 37. Ne1 Nc6 38. Nd3 d6 39. exd6 Qxd6 40. f4
f6 41. Qa4 e5 42. fxe5 Nxe5 43. Nxe5 fxe5 44. Qe4 Kf7 45. g5 Qc5+ 46. Kg2 Ke6
47. Qg4+ Kd6 48. Qa4 Qb6 49. Qe8 Qb7 50. Qf8+ 1/2-1/2

[Event "Steinegg-Klausen"]
[Site "?"]
[Date "2017.12.02"]
[Round "3.5"]
[White "Schrott, Ernst"]
[Black "Lantschner, Carmen"]
[Result "1-0"]
[WhiteElo "1884"]
[BlackElo "1624"]
[PlyCount "85"]
[EventDate "2017.12.02"]

1. e4 d6 2. d4 g6 3. f4 Bg7 4. Nf3 Nf6 5. Nc3 O-O 6. Be2 c5 7. O-O cxd4 8. Nxd4
Nc6 9. Nb3 b6 10. Bf3 Bb7 11. Be3 Rc8 12. Rf2 Rc7 13. Rd2 Qc8 14. a4 Qb8 15. a5
Ba8 16. axb6 axb6 17. Nb5 Na5 18. Nxa5 bxa5 19. Nxc7 Qxc7 20. Ra4 Bc6 21. Rc4
Qb7 22. e5 Bxf3 23. Qxf3 Qxf3 24. gxf3 dxe5 25. fxe5 Nh5 26. f4 Bh6 27. Rd5 Ra8
28. Ra4 Rb8 29. b3 Rc8 30. Rd2 Ra8 31. Kf2 Ng7 32. b4 Ne6 33. bxa5 Ra6 34. Kf3
f6 35. exf6 exf6 36. Bb6 Bf8 37. Re4 Kf7 38. Rd7+ Be7 39. c4 f5 40. Re5 Kf6 41.
Re1 Bb4 42. Re2 Bxa5 43. Rd6 1-0

[Event "Steinegg-Klausen"]
[Site "?"]
[Date "2017.12.02"]
[Round "3.6"]
[White "Schroffenegger, Simon"]
[Black "Schrott, Johann"]
[Result "1/2-1/2"]
[WhiteElo "1406"]
[BlackElo "1844"]
[PlyCount "38"]
[EventDate "2017.12.02"]

1. e4 c5 2. Bc4 d6 3. f4 Nc6 4. Nf3 Bg4 5. Bxf7+ Kd7 6. Bb3 b5 7. Bd5 Nf6 8. c3
e6 9. Bb3 Nxe4 10. O-O Qb6 11. Qe2 c4+ 12. Kh1 d5 13. Bc2 Nf6 14. d3 Bd6 15.
Qf2 Bc5 16. d4 Be7 17. Be3 Raf8 18. Ne5+ Kc8 19. Nd2 g6 1/2-1/2

[Event "Taufers-Kaltern/Tramin2"]
[Site "?"]
[Date "2017.12.02"]
[Round "3.5"]
[White "Enderle, Helmut"]
[Black "Innerbichler, Robert"]
[Result "0-1"]
[WhiteElo "1493"]
[BlackElo "1435"]
[PlyCount "56"]
[EventDate "2017.12.02"]

1. d4 d5 2. c4 Nf6 3. Nc3 c6 4. cxd5 cxd5 5. Nf3 e6 6. Bg5 Be7 7. e3 Nbd7 8.
Bd3 O-O 9. O-O Nh5 10. Bxe7 Qxe7 11. Rc1 h6 12. Qd2 f5 13. Ne2 Nhf6 14. Rc7 Qd6
15. Rfc1 Rd8 16. R1c2 Ne8 17. R7c3 Ndf6 18. Ne5 a6 19. f3 Nd7 20. Qc1 Nxe5 21.
dxe5 Qb8 22. Nd4 Qxe5 23. f4 Qb8 24. Be2 Bd7 25. Nf3 Qd6 26. Ne5 Qb6 27. Rb3
Qa7 28. Bf3 Ba4 0-1

[Event "Klausen-Deutschnofen"]
[Site "?"]
[Date "2017.12.16"]
[Round "4.1"]
[White "Manca, Federico"]
[Black "Schacher, Gerd"]
[Result "1-0"]
[WhiteElo "2411"]
[BlackElo "2282"]
[PlyCount "43"]
[EventDate "2017.12.16"]

1. e4 g6 2. d4 Bg7 3. Nc3 d6 4. Be3 Nf6 5. Qd2 c6 6. Bh6 Bxh6 7. Qxh6 Qa5 8.
O-O-O b5 9. e5 b4 10. Qg7 Rf8 11. exf6 bxc3 12. fxe7 cxb2+ 13. Kb1 Kxe7 14. Nf3
Be6 15. d5 Bxd5 16. Rxd5 cxd5 17. Bb5 Nd7 18. Nd4 Rac8 19. Qxh7 Nf6 20. Qh4 Rh8
21. Qxh8 Rxh8 22. Nc6+ 1-0

[Event "Klausen-Deutschnofen"]
[Site "?"]
[Date "2017.12.16"]
[Round "4.2"]
[White "Seebacher, Michael"]
[Black "Dappiano, Andrea"]
[Result "0-1"]
[WhiteElo "1944"]
[BlackElo "2258"]
[PlyCount "50"]
[EventDate "2017.12.16"]

1. e4 e6 2. d4 d5 3. Nc3 Nf6 4. Bg5 Be7 5. e5 Nfd7 6. h4 h6 7. Be3 c5 8. Nf3
Nc6 9. Qd2 a6 10. Rh3 b5 11. Rg3 Kf8 12. h5 Bb7 13. Ne2 cxd4 14. Bxd4 Nc5 15.
Qf4 Ne4 16. Rg4 Qa5+ 17. c3 b4 18. Qe3 Nxd4 19. Nfxd4 bxc3 20. bxc3 Rc8 21. Qf4
Rxc3 22. Nxe6+ Ke8 23. Nxg7+ Kd8 24. Nxc3 Qxc3+ 25. Ke2 Qc2+ 0-1

[Event "Klausen-Deutschnofen"]
[Site "?"]
[Date "2017.12.16"]
[Round "4.3"]
[White "Zamengo, Fulvio"]
[Black "Seebacher, Reinhard"]
[Result "1-0"]
[WhiteElo "2304"]
[BlackElo "1883"]
[PlyCount "55"]
[EventDate "2017.12.16"]

1. e4 c6 2. d4 d5 3. e5 Bf5 4. Nf3 e6 5. Be2 Nd7 6. O-O Bg4 7. Nbd2 Ne7 8. h3
Bh5 9. c3 c5 10. dxc5 Nc6 11. b4 Bxf3 12. Nxf3 Ncxe5 13. Nxe5 Nxe5 14. Bf4 Nd7
15. c4 Qf6 16. Be3 dxc4 17. Bxc4 a6 18. Qa4 Rc8 19. Rad1 Qd8 20. b5 Bxc5 21.
Bxc5 Rxc5 22. bxa6 Ra5 23. Qb4 Qb6 24. a3 Rc5 25. Rxd7 Qxb4 26. axb4 Kxd7 27.
bxc5 bxa6 28. Bxa6 1-0

[Event "Klausen-Deutschnofen"]
[Site "?"]
[Date "2017.12.16"]
[Round "4.4"]
[White "Schrott, Karl"]
[Black "Micheli, Carlo"]
[Result "1/2-1/2"]
[WhiteElo "1988"]
[BlackElo "2235"]
[PlyCount "77"]
[EventDate "2017.12.16"]

1. e4 c5 2. Nf3 e6 3. d4 cxd4 4. Nxd4 a6 5. Nc3 b5 6. Be3 Bb7 7. Bd3 Nc6 8. O-O
Nf6 9. Nxc6 dxc6 10. e5 Nd7 11. f4 g6 12. Ne4 c5 13. c3 Qc7 14. Qe2 Be7 15. Bc2
Nb6 16. Kh1 O-O 17. Rad1 Bd5 18. b3 c4 19. Qf2 Bxe4 20. Bxe4 Rab8 21. b4 f6 22.
exf6 Bxf6 23. Qc2 Na4 24. Bd4 Bxd4 25. Rxd4 Rbd8 26. Bf3 Rxd4 27. cxd4 Qd6 28.
a3 Rxf4 29. Qd2 c3 30. Qe3 c2 31. Rc1 Qxd4 32. Qxe6+ Kg7 33. Qe2 Nb6 34. Qxc2
Nc4 35. Rd1 Qb2 36. Qxb2+ Nxb2 37. Rd6 Rf6 38. Rxf6 Kxf6 39. Bb7 1/2-1/2

[Event "Klausen-Deutschnofen"]
[Site "?"]
[Date "2017.12.16"]
[Round "4.5"]
[White "Tonina, Filippo"]
[Black "Schrott, Ernst"]
[Result "0-1"]
[WhiteElo "1964"]
[BlackElo "1884"]
[PlyCount "51"]
[EventDate "2017.12.16"]

1. e4 c5 2. Nc3 g6 3. g3 Bg7 4. Bg2 Nc6 5. d3 d6 6. Nge2 f5 7. O-O Nf6 8. h3
O-O 9. Be3 e5 10. Qd2 Nd4 11. f4 Rb8 12. Nd1 Nh5 13. Kh2 Nxe2 14. Qxe2 exf4 15.
Bxf4 Nxf4 16. gxf4 g5 17. Kh1 gxf4 18. Rxf4 Be5 19. Rxf5 Bxf5 20. exf5 Rxf5 21.
Ne3 Rf8 22. Bd5+ Kh8 23. Qg2 Qf6 24. Ng4 Qg5 25. Rg1 Bd4 26. Rf1 0-1

[Event "Klausen-Deutschnofen"]
[Site "?"]
[Date "2017.12.16"]
[Round "4.6"]
[White "Schrott, Johann"]
[Black "Thurner, Markus"]
[Result "1-0"]
[WhiteElo "1844"]
[BlackElo "1910"]
[PlyCount "87"]
[EventDate "2017.12.16"]

1. e4 e6 2. d4 d5 3. Nd2 Nf6 4. e5 Nfd7 5. Bd3 c5 6. c3 Nc6 7. Ne2 cxd4 8. cxd4
Qb6 9. Nb3 a5 10. a4 Bb4+ 11. Nc3 Ndxe5 12. dxe5 d4 13. Bd2 dxc3 14. bxc3 Be7
15. Bb5 O-O 16. Qe2 Qc7 17. f4 f6 18. exf6 Bxf6 19. O-O e5 20. Qc4+ Kh8 21.
fxe5 Qxe5 22. Rae1 Qc7 23. Bg5 Qb6+ 24. Be3 Qc7 25. Qc5 Bd7 26. Bf4 Qc8 27. Bd3
Be6 28. Qh5 Bg8 29. Re3 Ne7 30. Bd6 g6 31. Bxg6 Nxg6 32. Bxf8 Qxf8 33. Ref3
Bxb3 34. Rxf6 Qg8 35. Qg4 Ra6 36. Rxa6 bxa6 37. Qd4+ Qg7 38. Qd8+ Bg8 39. Qxa5
Nh4 40. Rf2 Qe7 41. Qxa6 Qe1+ 42. Rf1 Qxc3 43. Qf6+ Qxf6 44. Rxf6 1-0

[Event "Naturns-Ehrenburg"]
[Site "?"]
[Date "2017.12.16"]
[Round "4.1"]
[White "Gatterer, Florian"]
[Black "La Manna, Andrea"]
[Result "1-0"]
[WhiteElo "2284"]
[BlackElo "2157"]
[PlyCount "161"]
[EventDate "2017.12.16"]

1. Nf3 d6 2. d4 Nf6 3. g3 g6 4. Bg2 Bg7 5. O-O O-O 6. c4 Nc6 7. Nc3 a6 8. Bf4
Rb8 9. Rc1 Ng4 10. d5 Na5 11. b3 c5 12. dxc6 Nxc6 13. h3 Nf6 14. Qd2 Bd7 15.
Rfd1 Rc8 16. Bh6 Qa5 17. Bxg7 Kxg7 18. Nd4 Nxd4 19. Qxd4 Bc6 20. Bxc6 Rxc6 21.
Nd5 e5 22. Qb2 Qd8 23. Rc2 Ne4 24. Nc3 Nxc3 25. Rxc3 Qf6 26. Rf3 Qe6 27. a4
Rfc8 28. a5 Rc5 29. Rfd3 R8c6 30. Qd2 Qxh3 31. Rxd6 Rxd6 32. Qxd6 Qc8 33. Qe7
h5 34. b4 Rxc4 35. Qxe5+ Kh7 36. Qf6 Qf5 37. Qxf5 gxf5 38. Rb1 f4 39. gxf4 Rxf4
40. Kg2 Kg6 41. e3 Rg4+ 42. Kf3 f5 43. b5 axb5 44. Rxb5 Ra4 45. Kg3 h4+ 46. Kh3
f4 47. e4 Rxe4 48. Kxh4 Ra4 49. Kg4 Kf6 50. f3 Ke6 51. Rb6+ Ke5 52. Rg6 Ra1 53.
Rg5+ Kf6 54. Rf5+ Ke6 55. Kxf4 Rb1 56. Rh5 Rb4+ 57. Kg3 Kf6 58. Rh6+ Kf5 59.
Rb6 Ra4 60. Rb5+ Kf6 61. f4 Ra1 62. Kf3 Ra2 63. Kg4 Rg2+ 64. Kf3 Ra2 65. Ke4
Ra4+ 66. Ke3 Ke6 67. Rg5 Ra3+ 68. Kf2 Kf6 69. Ke2 Ke6 70. Rb5 Kf6 71. f5 Kg5
72. Kd2 Rf3 73. Rxb7 Rxf5 74. a6 Ra5 75. Rb6 Kf5 76. Kc3 Ke5 77. Kc4 Ra1 78.
Rh6 Ra2 79. Kc5 Ra1 80. Kb6 Kd5 81. a7 1-0

[Event "Naturns-Ehrenburg"]
[Site "?"]
[Date "2017.12.16"]
[Round "4.2"]
[White "Unterthurner, Hans"]
[Black "Hengl, Christian"]
[Result "0-1"]
[WhiteElo "1933"]
[BlackElo "2157"]
[PlyCount "74"]
[EventDate "2017.12.16"]

1. e4 e6 2. d4 d5 3. Nc3 Nf6 4. Bg5 Bb4 5. e5 h6 6. Bc1 Ne4 7. Qg4 g6 8. Nge2
c5 9. a3 Bxc3+ 10. Nxc3 Nxc3 11. bxc3 Qa5 12. Bd2 Qa4 13. Bd3 Nc6 14. O-O Bd7
15. Rfe1 O-O-O 16. Ra2 cxd4 17. Qf4 Rdf8 18. Rb1 g5 19. Qf6 dxc3 20. Bxc3 Qf4
21. Qxf4 gxf4 22. Rab2 b6 23. a4 Kc7 24. Bb4 Nxb4 25. Rxb4 f6 26. exf6 e5 27.
c4 d4 28. Be4 Rxf6 29. a5 Bc6 30. axb6+ axb6 31. Bc2 e4 32. Rxb6 d3 33. Ba4 Ra8
34. Bxc6 Rxc6 35. Rb7+ Kd6 36. Rf7 Rxc4 37. Rxf4 d2 0-1

[Event "Naturns-Ehrenburg"]
[Site "?"]
[Date "2017.12.16"]
[Round "4.3"]
[White "Jedinger, Andreas"]
[Black "Naegele, Norbert"]
[Result "1-0"]
[WhiteElo "2104"]
[BlackElo "1847"]
[PlyCount "35"]
[EventDate "2017.12.16"]

1. e4 c5 2. Nf3 e6 3. d4 cxd4 4. Nxd4 a6 5. Bd3 Qc7 6. Be3 Nf6 7. f4 d6 8. Nc3
Be7 9. Qf3 Nc6 10. Nxc6 bxc6 11. O-O O-O 12. g4 e5 13. f5 d5 14. g5 dxe4 15.
Nxe4 Nxe4 16. Bxe4 Bd7 17. f6 Bd6 18. Qh5 1-0

[Event "Naturns-Ehrenburg"]
[Site "?"]
[Date "2017.12.16"]
[Round "4.4"]
[White "Gurschler, Thomas"]
[Black "Babinetz, Rainer"]
[Result "0-1"]
[WhiteElo "1837"]
[BlackElo "1959"]
[PlyCount "46"]
[EventDate "2017.12.16"]

1. d4 d5 2. Nf3 Nc6 3. Bf4 e6 4. e3 Nf6 5. Bd3 Nb4 6. Be2 c5 7. c3 Nc6 8. Nbd2
b6 9. Bd3 Be7 10. Ne5 Nxe5 11. Bxe5 O-O 12. Qf3 Bb7 13. Qh3 g6 14. g4 Ne8 15.
Nf3 Ng7 16. Bf4 f6 17. Qh6 e5 18. dxe5 d4 19. e4 dxc3 20. Bc4+ Kh8 21. Nh4 Bxe4
22. f3 fxe5 23. g5 Rxf4 0-1

[Event "Naturns-Ehrenburg"]
[Site "?"]
[Date "2017.12.16"]
[Round "4.5"]
[White "Gruber, Alexander"]
[Black "Gurschler, Gregor"]
[Result "1/2-1/2"]
[WhiteElo "1815"]
[BlackElo "1796"]
[PlyCount "41"]
[EventDate "2017.12.16"]

1. e4 d6 2. d4 Nf6 3. Bd3 e5 4. c3 Nc6 5. Ne2 Be7 6. O-O O-O 7. f4 exd4 8. cxd4
Nb4 9. Nbc3 Nxd3 10. Qxd3 g6 11. h3 d5 12. e5 Ne8 13. f5 Bg5 14. Bxg5 Qxg5 15.
fxg6 hxg6 16. Nxd5 c6 17. Qe3 Qxe3+ 18. Nxe3 Be6 19. Nf4 Ng7 20. Nxe6 Nxe6 21.
d5 1/2-1/2

[Event "Naturns-Ehrenburg"]
[Site "?"]
[Date "2017.12.16"]
[Round "4.6"]
[White "Naegele, Raimund"]
[Black "Mairhofer, Lino"]
[Result "1-0"]
[WhiteElo "1658"]
[BlackElo "1740"]
[PlyCount "119"]
[EventDate "2017.12.16"]

1. Nf3 Nf6 2. g3 c5 3. Bg2 g6 4. O-O Bg7 5. d3 O-O 6. e4 d6 7. Nbd2 Nc6 8. c3
e6 9. Nh4 d5 10. f4 d4 11. c4 e5 12. f5 g5 13. Nhf3 h6 14. Nb3 Qd6 15. h3 a6
16. Nh2 b5 17. h4 Nh7 18. hxg5 hxg5 19. Ng4 f6 20. Kf2 bxc4 21. dxc4 Rf7 22.
Rh1 Raa7 23. Rh3 Nf8 24. Qh1 a5 25. Nh6+ Bxh6 26. Rxh6 Rh7 27. Bxg5 a4 28. Nd2
Rab7 29. Rb1 d3 30. Be3 Rxh6 31. Bxh6 Rh7 32. Qh4 Qe7 33. Rh1 Nd7 34. Qg4+ Kh8
35. Qg6 Qf7 36. Qxf7 Rxf7 37. Be3+ Kg7 38. Bf1 Nd4 39. Bxd3 Nb6 40. g4 Rb7 41.
g5 fxg5 42. Bxg5 Nd7 43. Rb1 Rb4 44. Nf3 Ba6 45. Nxd4 cxd4 46. b3 Nc5 47. Ke2
axb3 48. axb3 Rxb3 49. Rxb3 Nxb3 50. Be7 Kf7 51. Ba3 Na5 52. c5 Bb7 53. Kf3 Bc6
54. Kg4 Kf6 55. Bc1 Nb3 56. Bg5+ Kg7 57. Be7 Nd2 58. f6+ Kg6 59. Kg3 Nxe4+ 60.
Kf3 1-0

[Event "Richter/Lask-Groeden"]
[Site "?"]
[Date "2017.12.16"]
[Round "4.1"]
[White "Seresin, Francesco"]
[Black "De Eccher, Stefano"]
[Result "1-0"]
[WhiteElo "2191"]
[BlackElo "2195"]
[PlyCount "115"]
[EventDate "2017.12.16"]

1. Nf3 d5 2. d4 Nf6 3. c4 c6 4. Nc3 dxc4 5. a4 Bf5 6. e3 e6 7. Bxc4 Bb4 8. O-O
Nbd7 9. Qe2 Bg6 10. e4 O-O 11. Bd3 Bh5 12. e5 Nd5 13. Nxd5 cxd5 14. Qe3 Re8 15.
Ng5 Bg6 16. Bxg6 fxg6 17. Qb3 a5 18. Be3 Nb8 19. h4 h6 20. Nf3 Rf8 21. Rac1 Nc6
22. Qd3 Qe8 23. Nd2 Rc8 24. Nb3 Ne7 25. Rxc8 Qxc8 26. Bd2 Bxd2 27. Nxd2 Qc6 28.
Qb3 Rc8 29. Nf3 Rc7 30. Re1 Qc4 31. Qb6 Rc6 32. Qxb7 Qb4 33. Qxb4 axb4 34. Ra1
Rc2 35. a5 Nc6 36. a6 Na7 37. Ne1 Rxb2 38. Nd3 Rd2 39. Nxb4 Rxd4 40. Rb1 Rxh4
41. Nd3 Nc6 42. Nc5 Rc4 43. Nxe6 d4 44. Rb7 d3 45. Rxg7+ Kh8 46. Rd7 Ra4 47.
Rxd3 Rxa6 48. Re3 Ra5 49. Nf4 Kg7 50. Nd3 Kf7 51. g3 Ke6 52. Nf4+ Kf5 53. e6
Ne5 54. Nd3 Ra1+ 55. Kg2 Ng4 56. Re2 Ra3 57. e7 Nf6 58. Re5+ 1-0

[Event "Richter/Lask-Groeden"]
[Site "?"]
[Date "2017.12.16"]
[Round "4.2"]
[White "Moncher, Stefano"]
[Black "Moroder, Stephan"]
[Result "0-1"]
[WhiteElo "2182"]
[BlackElo "2160"]
[PlyCount "176"]
[EventDate "2017.12.16"]

1. e4 c5 2. c3 Nf6 3. e5 Nd5 4. d4 cxd4 5. cxd4 d6 6. Nf3 Nc6 7. Bc4 Nb6 8. Bb5
dxe5 9. Nxe5 Bd7 10. Nxd7 Qxd7 11. O-O e6 12. Nc3 Be7 13. Qg4 O-O 14. Bxc6 bxc6
15. Bh6 Bf6 16. Rfd1 e5 17. Qxd7 Nxd7 18. Be3 exd4 19. Bxd4 Rfd8 20. Kf1 Kf8
21. Ne4 Bxd4 22. Rxd4 Nb6 23. Rad1 Rd5 24. Nc3 Rxd4 25. Rxd4 Ke7 26. Ke2 f5 27.
b3 Ke6 28. f4 Rc8 29. Rd3 Nd5 30. Nxd5 cxd5 31. Kd2 g6 32. Rc3 Rb8 33. Rc7 a5
34. Ra7 Rb5 35. Kc3 Rc5+ 36. Kd4 Rc2 37. Ra6+ Kd7 38. Rxa5 Rd2+ 39. Ke3 Rxg2
40. Rxd5+ Kc6 41. Rd2 Rg1 42. Kd4 Rf1 43. Ke5 Rf3 44. Rd6+ Kc5 45. Rd7 Re3+ 46.
Kf6 Rh3 47. Rd2 Kb4 48. Rc2 Ka3 49. Rf2 Kb4 50. Ke6 Rd3 51. Rc2 Ka3 52. Ke5 Rf3
53. Rc7 Rh3 54. Ra7+ Kb4 55. a4 Kxb3 56. a5 Kc4 57. Kd6 Kb5 58. Kc7 Rxh2 59.
Ra8 Re2 60. Kd7 Re4 61. a6 Kb6 62. a7 Kb7 63. Rh8 Kxa7 64. Rxh7 Rxf4 65. Ke6+
Kb6 66. Ke5 Rg4 67. Rd7 f4 68. Ke4 g5 69. Kf3 Rg3+ 70. Kf2 Kc6 71. Rd8 Re3 72.
Rg8 Re5 73. Kf3 Kd6 74. Kg4 Kd5 75. Ra8 Ke4 76. Ra4+ Ke3 77. Ra3+ Kd4 78. Ra4+
Kd5 79. Ra5+ Kd6 80. Ra6+ Kc7 81. Ra7+ Kb6 82. Rf7 Rd5 83. Rf8 Kc5 84. Ra8 Kd4
85. Ra4+ Ke3 86. Ra3+ Rd3 87. Ra5 f3 88. Rxg5 f2 0-1

[Event "Richter/Lask-Groeden"]
[Site "?"]
[Date "2017.12.16"]
[Round "4.3"]
[White "Demetz, Rainer"]
[Black "Voltolini, Giuseppe"]
[Result "1/2-1/2"]
[WhiteElo "2187"]
[BlackElo "2135"]
[PlyCount "36"]
[EventDate "2017.12.16"]

1. e4 c5 2. Nf3 e6 3. d3 Nc6 4. g3 g6 5. Bg2 Bg7 6. O-O Nge7 7. Re1 d6 8. c3
O-O 9. d4 cxd4 10. cxd4 d5 11. e5 Nf5 12. Nc3 Bd7 13. Bh3 Rc8 14. Bf4 h6 15.
Bxf5 gxf5 16. Qd2 Kh7 17. Rac1 Ne7 18. Be3 Qa5 1/2-1/2

[Event "Richter/Lask-Groeden"]
[Site "?"]
[Date "2017.12.16"]
[Round "4.4"]
[White "Bevilacqua, Maurizio"]
[Black "Bernardi, Ruben"]
[Result "0-1"]
[WhiteElo "2043"]
[BlackElo "2107"]
[PlyCount "74"]
[EventDate "2017.12.16"]

1. d4 Nf6 2. Nf3 c5 3. d5 g6 4. Nc3 Bg7 5. e4 d6 6. Bb5+ Nbd7 7. a4 O-O 8. h3
Rb8 9. O-O a6 10. Bd3 Ne8 11. Qe2 Qc7 12. Nd2 Ne5 13. a5 Bd7 14. Nc4 Nxc4 15.
Bxc4 Kh8 16. Bd2 e5 17. Ra3 Qd8 18. Nd1 Nc7 19. b4 Nb5 20. Bxb5 axb5 21. c4 b6
22. Ne3 bxa5 23. Rxa5 cxb4 24. Rfa1 bxc4 25. Qxc4 b3 26. Rb1 Qb6 27. Ra6 Qd4
28. Rxd6 Bb5 29. Qxd4 exd4 30. Ng4 Bd3 31. Rb2 Bxe4 32. f3 Bc2 33. Nf6 Rfd8 34.
Rc6 Rbc8 35. Bg5 Rxc6 36. dxc6 Rc8 37. Nd5 Rxc6 0-1

[Event "Richter/Lask-Groeden"]
[Site "?"]
[Date "2017.12.16"]
[Round "4.5"]
[White "Moroder, Thomas"]
[Black "De Vita, Gianni"]
[Result "1-0"]
[WhiteElo "1980"]
[BlackElo "1983"]
[PlyCount "57"]
[EventDate "2017.12.16"]

1. e4 c5 2. Nf3 Nc6 3. Bb5 e6 4. O-O Nge7 5. c3 a6 6. Ba4 b5 7. Bc2 d5 8. d4
cxd4 9. exd5 Nxd5 10. cxd4 Be7 11. Nbd2 Ndb4 12. Be4 f5 13. Bxc6+ Nxc6 14. a4
Bb7 15. Qb3 Qd5 16. Qxd5 exd5 17. Nb3 bxa4 18. Rxa4 O-O 19. Bf4 Rfe8 20. h4 Nb4
21. Ne5 Nc6 22. Nd7 Nb4 23. Ndc5 Bxh4 24. Nxb7 Nd3 25. g3 Nxf4 26. gxf4 Re4 27.
N3c5 Rxf4 28. f3 Re8 29. Nd3 1-0

[Event "Richter/Lask-Groeden"]
[Site "?"]
[Date "2017.12.16"]
[Round "4.6"]
[White "Billio, Atto"]
[Black "Dejori, David"]
[Result "1/2-1/2"]
[WhiteElo "1998"]
[BlackElo "1765"]
[PlyCount "128"]
[EventDate "2017.12.16"]

1. c4 Nf6 2. g3 e6 3. Bg2 d5 4. Nf3 Nbd7 5. d4 c6 6. Nbd2 Bd6 7. b3 O-O 8. Bb2
Re8 9. O-O e5 10. cxd5 cxd5 11. dxe5 Nxe5 12. Nxe5 Bxe5 13. Bxe5 Rxe5 14. Nf3
Re7 15. Nd4 Bg4 16. Qd2 Qd7 17. Rfd1 Rae8 18. Re1 Ne4 19. Qb2 Bh5 20. Rac1 f6
21. e3 Rd8 22. h3 Bg6 23. Red1 Qe8 24. Ne2 Red7 25. Rd4 Bf7 26. Rcd1 f5 27. h4
Qe5 28. R4d2 Qxb2 29. Rxb2 Rc7 30. Nd4 g6 31. Rc2 Rxc2 32. Nxc2 Rc8 33. Nd4 Kf8
34. Bf1 a6 35. Kg2 Rc3 36. Bd3 Ke7 37. Bb1 b5 38. f3 Nf6 39. Kf2 h6 40. Ne2 Rc8
41. Nf4 h5 42. Nd3 a5 43. Ke2 Kd6 44. Nf4 Ke5 45. Nd3+ Kd6 46. Rd2 b4 47. Rd1
Rc3 48. Kd2 Be8 49. Rc1 Rxc1 50. Nxc1 Bb5 51. Bd3 Bxd3 52. Nxd3 Nd7 53. Nf4 Ne5
54. Ke2 Kc5 55. Ne6+ Kd6 56. Nd4 Nd7 57. Kd2 Nc5 58. Ne2 Nd7 59. Nd4 Nc5 60.
Ke2 Nd7 61. Kd2 Nc5 62. Kc2 Kd7 63. Ne2 Ne6 64. Kd3 Kd6 1/2-1/2

[Event "Bruneck-Steinegg"]
[Site "?"]
[Date "2017.12.16"]
[Round "4.1"]
[White "Mukic, Josko"]
[Black "Luciani, Valerio"]
[Result "1/2-1/2"]
[WhiteElo "2249"]
[BlackElo "2168"]
[PlyCount "95"]
[EventDate "2017.12.17"]

1. Nf3 Nf6 2. g3 b6 3. d4 e6 4. c4 Ba6 5. b3 Bb4+ 6. Bd2 Be7 7. Bg2 c6 8. O-O
d5 9. Ne5 Qc8 10. Nc3 Nbd7 11. Rc1 Qb7 12. Nxc6 Qxc6 13. cxd5 exd5 14. Nxd5
Qxd5 15. Bxd5 Nxd5 16. Re1 O-O 17. b4 b5 18. e4 N5b6 19. d5 Nc4 20. Bc3 f6 21.
a4 Bd6 22. a5 Rae8 23. f4 Bc8 24. Qf3 Rf7 25. h4 Nb8 26. Rb1 Na6 27. h5 h6 28.
Kg2 Bb7 29. Kh2 Rfe7 30. Qd3 Bc8 31. Qf3 Nc7 32. Rbd1 Na6 33. Rb1 Bb7 34. Qd3
Rd8 35. Kg1 Ree8 36. Kh2 Bf8 37. Qd4 Nb8 38. Qxa7 Rd7 39. Qf2 Red8 40. Rbd1 Na6
41. Rb1 f5 42. e5 Rxd5 43. e6 Be7 44. Re2 Ra8 45. Qe1 Rad8 46. Qf2 Ra8 47. Qe1
Rad8 48. Qf2 1/2-1/2

[Event "Bruneck-Steinegg"]
[Site "?"]
[Date "2017.12.16"]
[Round "4.2"]
[White "Moling, Patrick"]
[Black "Engl, Stefan"]
[Result "0-1"]
[WhiteElo "2060"]
[BlackElo "1992"]
[PlyCount "74"]
[EventDate "2017.12.17"]

1. c4 f5 2. Nc3 Nf6 3. g3 e6 4. Bg2 d5 5. cxd5 exd5 6. d4 c6 7. Nh3 Bd6 8. O-O
O-O 9. Bf4 Be7 10. a3 h6 11. b4 g5 12. Bc1 Ne4 13. Bb2 Nxc3 14. Bxc3 Nd7 15. f3
Nf6 16. Nf2 Qe8 17. e4 fxe4 18. fxe4 dxe4 19. Nxe4 Nxe4 20. Bxe4 Rxf1+ 21. Qxf1
Be6 22. Re1 Qf7 23. Qe2 Bc4 24. Qe3 Rf8 25. Bc2 Bd6 26. d5 Bxd5 27. Bd1 Qf5 28.
g4 Qf4 29. Qxf4 Rxf4 30. Be5 Bxe5 31. Rxe5 Re4 32. Rxe4 Bxe4 33. Kf2 Kf7 34.
Ke3 Bd5 35. Kd4 Ke6 36. Bc2 Kd6 37. Bd3 b6 0-1

[Event "Bruneck-Steinegg"]
[Site "?"]
[Date "2017.12.16"]
[Round "4.3"]
[White "Pichler, Martin"]
[Black "Peintner, Andreas"]
[Result "0-1"]
[WhiteElo "1696"]
[BlackElo "1942"]
[PlyCount "62"]
[EventDate "2017.12.17"]

1. e4 c5 2. Nf3 e6 3. g3 Nc6 4. Bg2 Nf6 5. d3 d6 6. Nc3 Be7 7. O-O O-O 8. Ne2
Rb8 9. Nh4 b5 10. f4 Qb6 11. Kh1 b4 12. f5 Bd7 13. Nf4 Rfe8 14. Be3 Nd4 15. Bg1
exf5 16. Bxd4 cxd4 17. Nxf5 Bxf5 18. exf5 Qc5 19. g4 h6 20. Qf3 Nd7 21. Rf2 Bg5
22. Nd5 Nf6 23. Nf4 Re3 24. Qd1 Rbe8 25. Be4 Nxe4 26. dxe4 Qe5 27. Ng2 Qxe4 28.
Kg1 Rh3 29. Qf1 Qxg4 30. Re1 Be3 31. Kh1 Re5 0-1